<?xml version="1.0" encoding="UTF-8"?>
<record
    xmlns:xsi="http://www.w3.org/2001/XMLSchema-instance"
    xsi:schemaLocation="http://www.loc.gov/MARC21/slim http://www.loc.gov/standards/marcxml/schema/MARC21slim.xsd"
    xmlns="http://www.loc.gov/MARC21/slim">

  <leader>00910nam a2200157Ia 4500</leader>
  <controlfield tag="008">121028s9999    xx            000 0 und d</controlfield>
  <datafield tag="020" ind1=" " ind2=" ">
    <subfield code="a">978-968-18-4522-3</subfield>
  </datafield>
  <datafield tag="050" ind1=" " ind2=" ">
    <subfield code="a">TP248.65 F66 B56 2007</subfield>
  </datafield>
  <datafield tag="245" ind1=" " ind2=" ">
    <subfield code="a">Biotecnolog&#xED;a alimentaria / Compiladores Mariano Garc&#xED;a Garibay, Rodolfo Quintero Ram&#xED;rez y Agust&#xED;n L&#xF3;pez-Mungu&#xED;a Canales</subfield>
  </datafield>
  <datafield tag="260" ind1=" " ind2=" ">
    <subfield code="a">M&#xE9;xico : Limusa</subfield>
  </datafield>
  <datafield tag="300" ind1=" " ind2=" ">
    <subfield code="a">636 p.</subfield>
  </datafield>
  <datafield tag="500" ind1=" " ind2=" ">
    <subfield code="a">Incluye &#xED;ndices y bibliograf&#xED;a </subfield>
  </datafield>
  <datafield tag="505" ind1=" " ind2=" ">
    <subfield code="a">Pr&#xF3;logo Directorio de autores PARTE I. LA BIOTECNOLOG&#xCD;A ALIMENTARIA. SITUACI&#xD3;N ACTUAL Y PERSPECTIVAS Cap. 1. Introducci&#xF3;n general Cap. 2. Impacto de la ingenieria gen&#xE9;tica en la biotecnolog&#xED;a alimentaria Cap. 3. Biotecnolog&#xED;a vegetal Cap. 4. La tecn</subfield>
  </datafield>
  <datafield tag="650" ind1=" " ind2=" ">
    <subfield code="a">Biotecnolog&#xED;a - Alimentos \ 2. Alimentos - An&#xE1;lisis</subfield>
  </datafield>
  <datafield tag="700" ind1=" " ind2=" ">
    <subfield code="a">Garc&#xED;a Garibay, Mariano, comp. \ II. Quintero Ram&#xED;rez, Rodolfo, comp. \ III. L&#xF3;pez-Mung&#xED;a Canales, Agust&#xED;n, comp.&#xCC;</subfield>
  </datafield>
  <datafield tag="952" ind1=" " ind2=" ">
    <subfield code="0">0</subfield>
    <subfield code="1">0</subfield>
    <subfield code="4">0</subfield>
    <subfield code="7">0</subfield>
    <subfield code="a">14</subfield>
    <subfield code="b">14</subfield>
    <subfield code="d">2009-10-20</subfield>
    <subfield code="l">1</subfield>
    <subfield code="o">TP248.65 F66 B56 2007</subfield>
    <subfield code="p">14 002291</subfield>
    <subfield code="r">2016-03-28</subfield>
    <subfield code="s">2016-03-28</subfield>
    <subfield code="t">1</subfield>
    <subfield code="w">2012-10-28</subfield>
    <subfield code="y">LB</subfield>
  </datafield>
  <datafield tag="952" ind1=" " ind2=" ">
    <subfield code="0">0</subfield>
    <subfield code="1">0</subfield>
    <subfield code="4">0</subfield>
    <subfield code="7">0</subfield>
    <subfield code="a">14</subfield>
    <subfield code="b">14</subfield>
    <subfield code="d">2009-10-20</subfield>
    <subfield code="l">6</subfield>
    <subfield code="o">TP248.65 F66 B56 2007</subfield>
    <subfield code="p">14 002292</subfield>
    <subfield code="r">2017-07-13</subfield>
    <subfield code="s">2017-06-20</subfield>
    <subfield code="t">2</subfield>
    <subfield code="w">2012-10-28</subfield>
    <subfield code="y">LB</subfield>
  </datafield>
  <datafield tag="952" ind1=" " ind2=" ">
    <subfield code="0">0</subfield>
    <subfield code="1">0</subfield>
    <subfield code="4">0</subfield>
    <subfield code="7">0</subfield>
    <subfield code="a">14</subfield>
    <subfield code="b">14</subfield>
    <subfield code="d">2009-10-20</subfield>
    <subfield code="l">3</subfield>
    <subfield code="o">TP248.65 F66 B56 2007</subfield>
    <subfield code="p">14 002293</subfield>
    <subfield code="r">2015-08-05</subfield>
    <subfield code="s">2015-08-03</subfield>
    <subfield code="t">3</subfield>
    <subfield code="w">2012-10-28</subfield>
    <subfield code="y">LB</subfield>
  </datafield>
  <datafield tag="999" ind1=" " ind2=" ">
    <subfield code="c">85241</subfield>
    <subfield code="d">85241</subfield>
  </datafield>
</record>
